000 00998nam a22002297a 4500
003 NALT
005 20251125233006.0
008 s2549 th tha d
040 _aNALT
041 _atha
050 _aDS 578.32
_bส664ช 2549
100 0 _aสายหยุด เกิดผล
_924891
245 1 0 _aชีวิตนี้มีค่ายิ่ง :
_bพลเอก สายหยุด เกิดผล /
_cสายหยุด เกิดผล.
260 _aกรุงเทพฯ :
_bโรงพิมพ์อักษรสัมพันธ์ (1987),
_c2549
300 _a740 หน้า :
_bภาพประกอบ ;
_c24 ซม.
600 0 4 _aสายหยุด เกิดผล,
_cพลเอก
_xชีวประวัติ
_959065
850 _aNALT
856 4 0 _uhttps://hdl.handle.net/20.500.14156/401699
942 _cGB
_2lcc
996 _asaiphon.d
_bCATSTF
_c2024-03-11
999 _c48206
_d48206
998 _j104
_k สายฝน ดีงาม